000
00315 a2200145 4500
001
172011
020
_a
040
_c
Magnum
100
_a
Potyguar, Carlos Magno
240
1
0
_a
Os misterios de clara venus
_l
por
245
1
0
_a
Os misterios de clara venus
362
0
_a
1899
697
_a
J/ROMANCE
942
_c
BK
999
_c
172011
_d
172011